MyGZULibrary

Counseling theory and practice / (Record no. 213)

MARC details
000 -LEADER
fixed length control field 01235cam a2200313 a 4500
001 - CONTROL NUMBER
control field 16011086
003 - CONTROL NUMBER IDENTIFIER
control field GZU
005 - DATE AND TIME OF LATEST TRANSACTION
control field 20200714113640.0
008 - FIXED-LENGTH DATA ELEMENTS--GENERAL INFORMATION
fixed length control field 091207s2010 caua b 001 0 eng
010 ## - LIBRARY OF CONGRESS CONTROL NUMBER
LC control number 2009942949
020 ## - INTERNATIONAL STANDARD BOOK NUMBER
International Standard Book Number 9780840032126
040 ## - CATALOGING SOURCE
Original cataloging agency DLC
Transcribing agency DLC
Modifying agency DLC
042 ## - AUTHENTICATION CODE
Authentication code pcc
050 00 - LIBRARY OF CONGRESS CALL NUMBER
Classification number BF636.6
Item number .N477 2010
100 1# - MAIN ENTRY--PERSONAL NAME
Personal name Neukrug, Ed.
245 10 - TITLE STATEMENT
Title Counseling theory and practice /
Statement of responsibility, etc. Edward Neukrug.
250 ## - EDITION STATEMENT
Edition statement 1st ed.
260 ## - PUBLICATION, DISTRIBUTION, ETC.
Place of publication, distribution, etc. Belmont, CA :
Name of publisher, distributor, etc. Brooks/Cole, Cengage Learning,
Date of publication, distribution, etc. 2010.
300 ## - PHYSICAL DESCRIPTION
Extent xxiv, 631 p. :
Other physical details ill. ;
Dimensions 25 cm.
504 ## - BIBLIOGRAPHY, ETC. NOTE
Bibliography, etc. note Includes bibliographical references and index.
650 #0 - SUBJECT ADDED ENTRY--TOPICAL TERM
Topical term or geographic name entry element Counseling.
650 #0 - SUBJECT ADDED ENTRY--TOPICAL TERM
Topical term or geographic name entry element Psychotherapy.
856 42 - ELECTRONIC LOCATION AND ACCESS
Materials specified Contributor biographical information
Uniform Resource Identifier <a href="http://www.loc.gov/catdir/enhancements/fy1105/2009942949-b.html">http://www.loc.gov/catdir/enhancements/fy1105/2009942949-b.html</a>
856 42 - ELECTRONIC LOCATION AND ACCESS
Materials specified Publisher description
Uniform Resource Identifier <a href="http://www.loc.gov/catdir/enhancements/fy1105/2009942949-d.html">http://www.loc.gov/catdir/enhancements/fy1105/2009942949-d.html</a>
856 41 - ELECTRONIC LOCATION AND ACCESS
Materials specified Table of contents only
Uniform Resource Identifier <a href="http://www.loc.gov/catdir/enhancements/fy1105/2009942949-t.html">http://www.loc.gov/catdir/enhancements/fy1105/2009942949-t.html</a>
906 ## - LOCAL DATA ELEMENT F, LDF (RLIN)
a 7
b cbc
c orignew
d 3
e epcn
f 20
g y-gencatlg
942 ## - ADDED ENTRY ELEMENTS (KOHA)
Source of classification or shelving scheme Library of Congress Classification
Koha item type Books
Classification part 636.6
Item part NEU
Call number prefix BF
Call number suffix 2011
Holdings
Withdrawn status Lost status Damaged status Not for loan Collection code Home library Current library Shelving location Date acquired Total Checkouts Full call number Barcode Date last seen Copy number Price effective from Koha item type Date last checked out Total Renewals Inventory number
        Non-fiction City Campus Library City Campus Library General Stacks 07/14/2020   BF636.6 NEU 2011 002284 11/29/2022 c.1 07/14/2020 Books      
        Non-fiction City Campus Library City Campus Library General Stacks 07/14/2020   BF636.6 NEU 2011 002281 07/14/2020 c.2 07/14/2020 Books      
        Non-fiction City Campus Library City Campus Library General Stacks 07/14/2020 1 BF636.6 NEU 2011 002285 11/30/2021 c.3 07/14/2020 Books 11/25/2021    
        Non-fiction City Campus Library City Campus Library General Stacks 07/14/2020   BF636.6 NEU 2011 002282 07/14/2020 c.4 07/14/2020 Books      
        Non-fiction City Campus Library City Campus Library General Stacks 07/14/2020   BF636.6 NEU 2011 002283 07/14/2020 c.5 07/14/2020 Books      
        Non-fiction City Campus Library City Campus Library General Stacks 07/14/2020 3 BF636.6 NEU 2011 008047 05/30/2023 c.6 07/14/2020 Books 05/29/2023 1  
        Non-fiction Mashava Campus Library Mashava Campus Library General Stacks 05/04/2021   BF 636.6 NEU 2011 008049 05/04/2021 c.7 05/04/2021 Books     15568